000 00298nam a2200121Ia 4500
008 191201s2019 xx 000 0 und d
100 _aSONI, Sudhir
245 0 _aPatarkarita avm Jansanchar Guide
260 _aN. Delhi
_bUniversity Pub
300 _aNULL
650 _aGeneral Books
942 _2ddc
_cBK
999 _c726
_d726